Contemplations I : an anthology of prose, poetri, drama and fiction /

Bibliographic Details
Main Author: Nair, P. Bhaskaran
Other Authors: Rajeevan, Geetha
Format: Book
Language:English
Published: New Delhi : Foudation Books, c2005 [reprinted 2006].
Subjects:
Classic Catalogue: View this record in Classic Catalogue
LEADER 01206nam a2200241 a 4500
001 0017005
003 BD-DhAAL
008 090827r20062005ii a 000 0 eng d
020 |a 8175962895 
040 |a BD-DhAAL  |c BD-DhAAL 
082 0 0 |a 428.34  |2 22 
100 1 |a Nair, P. Bhaskaran.  |9 58411 
245 1 0 |a Contemplations I :  |b an anthology of prose, poetri, drama and fiction /  |c P. Bhaskaran Nair, Geetha Rajeevan. 
260 |a New Delhi :  |b Foudation Books,   |c c2005 [reprinted 2006]. 
300 |a vii, 124 p. :  |b ill. ;  |c 24 cm 
526 |a CFL, BRACU  |x Beth Trudell English Language Fellow, BRAC Institute of Languages (BIL) 
541 1 |e 00017005  |a First English Education Institutes Limited 
650 0 |a English language   |x Spoken English   |x Study and teaching. 
700 1 |a Rajeevan, Geetha.  |9 729 
852 4 |a Ayesha Abed Library   |c General Stacks 
942 |2 ddc  |c BK 
999 |c 3539  |d 3539 
952 |0 0  |1 0  |2 ddc  |4 0  |6 428_340000000000000_NAI_2005  |7 0  |9 3212  |a BRACUL  |b BRACUL  |c GEN  |d 2009-09-02  |e First English Education Institutes Limited  |g 103.00  |l 1  |m 11  |o 428.34 NAI  |p 3010017005  |r 2014-01-24  |s 2013-11-02  |t 1  |w 2009-09-02  |y BK  |x Requisitioned by Beth Trudell, English Language Fellow, BRAC Institute of Languages (BIL) ; Rs 70.00